000 00801nam a22002777a 4500
001 BR9506321
003 BR-BrBNA
005 20230928094651.0
007 ta
008 230509b bl.||||| |||| 00| 0 por d
040 _aBR-BrBNA
_bpor
_cBiblioteca Nacional de Agricultura
041 _a(Por)
072 _aF01; F04; H20
_b1540
090 _ 1540 BR9506321
110 1 _aEmpresa de Assistencia Tecnica e Extensao Rural do Estado de Mato Grosso, Cuiaba (Brasil)
_94017
245 1 _aDiretrizes tecnicas para o cultivo da mandioca
260 3 _aCuiaba, MT (Brasil):
_c1982.
300 _a19 p.
650 _aMandioca
650 _aPratica Cultural
650 _aAdubacao
650 _aDoenca de Planta
650 _aPraga de Planta
909 _a202309
_bLucia
_c55
_dLucia Elande
942 _cBK
999 _c51967
_d51967